| 000 | 00426nam a22001577a 4500 | ||
|---|---|---|---|
| 003 | NUST - PNEC | ||
| 005 | 20170116181157.0 | ||
| 008 | 160118b xxu||||| |||| 00| 0 eng d | ||
| 020 | _a- | ||
| 040 | _cLIBRARY | ||
| 082 | _a954.904 PAK | ||
| 100 |
_916080 _aPakistan Navy |
||
| 245 |
_aStory of Pakistan navy 1947-1972 _cHistory section Pakistan Navy |
||
| 650 |
_916081 _aPakistan navy history _xGeneral |
||
| 942 |
_2ddc _cBK |
||
| 999 |
_c71296 _d71296 |
||